Các văn bản pháp luật về kế toán thống kê (Văn bản hiện hành)
v.v...
Đã lưu trong:
| Định dạng: | Sách |
|---|---|
| Năm xuất bản: |
H.:
Chính trị Quốc gia,
1998.
|
| Chủ đề: | |
| Tags: |
Thêm thẻ
Không có thẻ, Hãy là người đầu tiên gắn thẻ bản ghi này!
|
| LEADER | 00702nam a2200157 4500 | ||
|---|---|---|---|
| 082 | |a 343.597034 |b C101v. | ||
| 100 | |a | ||
| 245 | |a Các văn bản pháp luật về kế toán thống kê (Văn bản hiện hành) |c | ||
| 260 | |a H.: |b Chính trị Quốc gia, |c 1998. | ||
| 300 | |a 1123 tr.; |c 20 cm. | ||
| 520 | |a v.v... | ||
| 653 | |a Luật kế toán | ||
| 942 | |2 ddc |c STK0 | ||
| 999 | |c 9541 |d 9541 | ||
| 952 | |0 0 |1 0 |2 ddc |4 0 |6 343_597034000000000_C101V |7 0 |8 300 |9 76139 |a qbu |b qbu |c D2 |d 2015-05-25 |g 99000 |o 343.597034 C101v. |p 9661.c1 |r 0000-00-00 |w 2015-05-25 |y STK0 | ||
| 952 | |0 0 |1 0 |2 ddc |4 0 |6 343_597034000000000_C101V |7 0 |8 300 |9 76140 |a qbu |b qbu |c D2 |d 2015-05-25 |g 99000 |o 343.597034 C101v. |p 9661.c2 |r 0000-00-00 |w 2015-05-25 |y STK0 | ||